MDQL
is popping MORE tags! Check the
thread
!
Quizzes
Events
Quiz Creation
Community
Videos
Private Events
Remove Ads
Sign In
Join for FREE
Feedback
Dark Mode
Quiz Categories
Sports
Geography
Music
Movies
Television
Just For Fun
Miscellaneous
History
Literature
Language
Science
Gaming
Entertainment
Religion
Holiday
For Kids
Quiz Lab
Recent
Popular Today
Quiz Kudos Today
Editor Picks
Curator Picks
Quizzes by...
Day
Popularity
Type
Ratings
Length
Year
Community
Subscriptions
Recent Discussions
Orange Saloon
Badges
Playlists
Quests
Create
Leaderboards
Showdown
Live 5
Trivia Bingo
Activity
Puzzle Library
Sporcle Events
Private Events
Virtual Trivia
Globe League
Become a Host
Pub Owners
SporcleCon
Opinionation
Our Games
Videos
Blog
Mobile Apps
Partnerships
Remove Ads and Go Orange
Feedback
Sports
Athletes
MLB
NBA
NHL
NFL
Soccer
Sports Teams
WWE
NCAA
Football
Premier League
Basketball
Baseball
Hockey
Golf
Tennis
Cricket
Rugby
Auto Racing
Olympics
World Cup
Sports
Athletes
MLB
NBA
NHL
NFL
Soccer
Sports Teams
WWE
NCAA
Football
Premier League
Basketball
Baseball
Hockey
Golf
Tennis
Cricket
Rugby
Auto Racing
Olympics
World Cup
Random Quiz
Search Sporcle
×
Quiz Lab
Quiz Lab
Sports
NFL
Type in answers that appear in a list
Type in answers that appear in a list
Classic
Best Score? Go Orange.
NFL Teams by Mascot Stats
Can you name the NFL Teams by Mascot?
By
Rosco
4m
27 Questions
4,415 Plays
4,415 Plays
4,415 Plays
Comments
Comments
Give Quiz Kudos
Give Quiz Kudos
-
- Ratings
hide this ad
Forced Order
Answers have to be entered in order
Answers have to be entered in order
Random Order
Randomize order of answers
Randomize order of answers
Replay
Link that replays current quiz
Next Quiz
Link to next quiz in quiz playlist
You Got
0%
They Got
Avg Score
55%
Avg Friend Score
Upgrade to see
Score Distribution
Jump to the score distribution portion of the page
Score
0/27
Timer
04:00
0
Plays Today
Mascot Name(s)
Team
% Correct
Billy Buffalo
Buffalo Bills
89.8%
Pat Patriot
New England Patriots
89.6%
Freddie Falcon
Atlanta Falcons
88.7%
Staley Da Bear
Chicago Bears
85.4%
Jaxson De Ville
Jacksonville Jaguars
82.8%
Steely McBeam
Pittsburgh Steelers
80.9%
Boltman
San Diego Chargers
78.5%
K.C. Wolf
Kansas City Chiefs
78.5%
Edgar, Allan, and Poe
Baltimore Ravens
71.3%
Viktor
Minnesota Vikings
65.1%
Sir Purr
Carolina Panthers
64.4%
Roary
Detroit Lions
58.7%
Gumbo
New Orleans Saints
58.6%
Chief Zee*
Washington Redskins
56.2%
Mascot Name(s)
Team
% Correct
Swoop
Philadelphia Eagles
54.5%
Who Dey
Cincinnati Bengals
46.2%
Captain Fear
Tampa Bay Buccaneers
46%
Big Red
Arizona Cardinals
43.2%
Miles
Denver Broncos
39.9%
Blue
Indianapolis Colts
36.9%
Rowdy
Dallas Cowboys
35.9%
Toro
Houston Texans
33.2%
Sourdough Sam
San Francisco 49ers
32.7%
T-
Rac
Tennessee Titans
22%
CB, TD, Chomps, and Trapper
Cleveland Browns
20.4%
Blitz
Seattle Seahawks
19.9%
T.D.
Miami Dolphins
19.8%
Quiz Playlist
Details
Report
Send in Message
Add To Playlist
Classic:
Type in answers that appear in a list
Forced Order:
Answers have to be entered in order
Random Order:
Randomize order of answers
Quiz Source
Last Updated: Feb 16, 2017
Quiz Scoreboard
CHALLENGE
Sign Up to Join the Scoreboard
Show All
Scores
Hide
Comments
May contain spoilers
Recently Published
1-10 Letter E Words III
by El_Dandy
Language
2m
Street Fighter Characters
by Artimus82
Gaming
60s
College Basketball Coaching Resumes
by pancakes188
Sports
9m
More to Explore
Quiz From the Vault
Featured Blog Post
Where Did the Easter Bunny Come From?
hide this ad
You Might Also Like...
Tags
NFL Quiz
mascot
rationale
team
Today's Top Quizzes in Sports
Browse Sports
hide this ad
Today's Top Quizzes in NFL
Browse NFL
Top Contributed Quizzes in Sports
1
2022 World Cup Stars
2
Les meilleurs buteurs des matchs entre le PSG et l’OM
3
FIFA Club World Cup Champions
4
Les entraîneurs de l'OM et du PSG au 21e siècle
5
Criteria MLB: Left Handed Sluggers
6
2023 MLB Unique Player Accomplishments
7
AFC Teams Reveal (Wrong Answers Minefield)
8
Players with Multiple 50 Home Run Seasons
9
5-to-1: FBS Animal Nicknames
10
5-to-1: UK Sports Teams
Explore More
Trending Topics
Disney
NBA
Anime
Crossword
Marvel
Harry Potter
Kpop
NFL
The Office
Soccer
WWE
Puzzle
Song
Pokémon
Country
hide this ad
More By:
Rosco
Quiz
Plays
Rating
Category
Featured
Created
Teams without their city in their name
5,346
3.60
Sports
Oct 20, 2009
NFL Teams by Mascot
4,415
4.26
Sports
Nov 16, 2009
Chipotle Menu
2,444
4.00
Miscellaneous
Oct 29, 2009
NBA Stat Leaders by Position
2,437
3.18
Sports
Mar 9, 2010
NFL Team Captains
660
3.67
Sports
Oct 8, 2009
Go to Creator's Profile
Score Distribution
Quiz Creator Spotlight
Rosco
Follow
Send a Message
Quizzes Created
-
Created Quiz Play Count
-
More By This Creator
Popular Quizzes Today
1
Find the US States - No Outlines Minefield
2
Find the Countries of Europe - No Outlines Minefield
3
The Countries of the World
4
Find the US States
5
Risky Map Clicking: Biggest States A-Z
6
US States
7
Popular People in 1961
8
Movies - When Are They Set?
More Sports Quizzes
Profile: Cy Young
Published
Trending Quizzes
Risky Map Clicking: Least Populous States A-Z
Billboard Blitz: Aretha Franklin
Famous Russians: Author or Composer?
Countries of the World: 200 Million BC
1-10 Letter G Words
Recently Updated
Leaping Animals
pecheneg
Reality TV Shows (A-Z)
bhenderson79
Rickey Henderson's Hall of Fame Teammates
pecheneg
Champions League XIs: Arsenal
pecheneg
Quick Pick: Celebrities in WWE's Hall of Fame
aduchscher
A-Z Keypad Blitz II
pecheneg
Multiple Oscar Actors
pecheneg
Mystery Phrase Blitz: Oscar 'Best Actors'
pecheneg
F. Scott Fitzgerald Novels
LTH
Pick 3 Villains
ddd62291
Trending Topics
Disney
NBA
Kpop
Marvel
Crossword
Anime
Harry Potter
Pokémon
NFL
Song
Soccer
The Office
WWE
Puzzle
Country
Your Account Isn't Verified!
In order to create a playlist on Sporcle, you need to verify the email address you used during registration. Go to your
Sporcle Settings
to finish the process.
Report this User
Report this user for behavior that violates our
Community Guidelines
.
Details:
Send Report
Go to the Sporcle.com Mobile Site →
Comments